The sermon bible; vol. 3. (Record no. 1609)

000 -LEADER
fixed length control field 00454nam a2200157 a 4500
001 - CONTROL NUMBER
control field :::00017794$&:&@@
003 - CONTROL NUMBER IDENTIFIER
control field OkBaRHE
005 - DATE AND TIME OF LATEST TRANSACTION
control field 20100326171636.0
008 - FIXED-LENGTH DATA ELEMENTS--GENERAL INFORMATION
fixed length control field j 000 0 eng u
040 ## - CATALOGING SOURCE
Transcribing agency
245 14 - TITLE STATEMENT
Title The sermon bible; vol. 3.
260 ## - PUBLICATION, DISTRIBUTION, ETC. (IMPRINT)
Place of publication, distribution, etc New York
Name of publisher, distributor, etc Funk & Wagnalls Company
300 ## - PHYSICAL DESCRIPTION
Extent v. (1-10)
942 ## - ADDED ENTRY ELEMENTS (KOHA)
Source of classification or shelving scheme
Koha item type Books
Copies
Not for loan Date acquired Koha item type Date last seen Price effective from Barcode Withdrawn status Full call number Damaged status Source of classification or shelving scheme Shelving location Collection code Permanent Location Copy number Lost status
 2010-04-14Books2010-04-142010-04-1417794 BS 534.5 S38  General StacksReferenceRHEMA Bible Training College1